[Event "POL-chT 1st League"]
[Site "Jarnoltowek"]
[Date "2005.09.03"]
[Round "1.18"]
[White "Wojciechowska, Aleksandra"]
[Black "Szymanowska, Lena"]
[Result "1/2-1/2"]
[WhiteElo "2018"]
[BlackElo "1982"]
[PlyCount "65"]
[EventDate "2005.09.03"]
[EventType "team-tourn"]
[EventRounds "9"]
[EventCountry "POL"]
[SourceTitle "EXT 2019"]
[Source "ChessBase"]
[SourceDate "2018.10.10"]
[SourceVersion "1"]
[SourceVersionDate "2018.10.10"]
[SourceQuality "1"]
[WhiteTeam "Gliwice Politechnika Slaska"]
[BlackTeam "Ostroda Ostrodzianka"]
[WhiteTeamCountry "POL"]
[BlackTeamCountry "POL"]

1. e4 e6 2. d4 d5 3. exd5 exd5 4. Nf3 Bd6 5. c4 Nf6 6. Nc3 Qe7+ 7. Be2 dxc4 8. 0-0 0-0 9. Bxc4 c6 10. Bg5 Qd8 11. Re1 Bf5 12. Nh4 Bg6 13. Re3 Nbd7 14. Nxg6 hxg6 15. Bb3 Qc7 16. Rh3 Bf4 17. Bxf6 Nxf6 18. Qd3 Rad8 19. Qxg6 Rxd4 20. Kh1 Qe5 21. Rf3 Qg5 22. Qxg5 Bxg5 23. Rf5 Bh6 24. h3 Rd6 25. g4 g6 26. Re5 Rd2 27. g5 Nd7 28. Ra5 Bg7 29. Ne4 Rxb2 30. Rd1 Ne5 31. Nf6+ Bxf6 32. gxf6 Nf3 33. Kg2 1/2-1/2

[Event "Polanica Zdroj op-B 41st"]
[Site "Polanica Zdroj"]
[Date "2005.08.25"]
[Round "7"]
[White "Wojciechowska, Aleksandra"]
[Black "Kopczynski, Michal"]
[Result "0-1"]
[WhiteElo "2018"]
[BlackElo "2147"]
[PlyCount "66"]
[EventDate "2005.08.19"]
[EventType "swiss"]
[EventRounds "10"]
[EventCountry "POL"]
[SourceTitle "CBM 108 Extra"]
[Source "ChessBase"]
[SourceDate "2005.11.04"]
[SourceVersion "1"]
[SourceVersionDate "2005.11.04"]
[SourceQuality "1"]

1. e4 c5 2. Nc3 e6 3. g3 d5 4. exd5 exd5 5. d4 Nf6 6. Bg5 cxd4 7. Qxd4 Be7 8. Bb5+ Nc6 9. Bxf6 Bxf6 10. Qc5 Bxc3+ 11. bxc3 Qe7+ 12. Qxe7+ Kxe7 13. Ne2 Bg4 14. Nf4 Kd6 15. Kd2 Ne5 16. Rab1 Rac8 17. Be2 Bxe2 18. Nxe2 b6 19. Nd4 Kd7 20. Rhe1 Rhe8 21. h3 Rc4 22. Re2 Ra4 23. Rb5 Rxd4+ 24. cxd4 Nf3+ 25. Kd3 Rxe2 26. Rxd5+ Ke6 27. Rd8 Rxf2 28. Ke3 Rxc2 29. Kxf3 Rxa2 30. d5+ Kf6 31. Ke3 Ra3+ 32. Kf4 g5+ 33. Kg4 h5+ 0-1

[Event "POL-chT 60th 1st League"]
[Site "Ustron"]
[Date "2004.09.10"]
[Round "7"]
[White "Wojciechowska, Aleksandra"]
[Black "Michna, Marta"]
[Result "0-1"]
[WhiteElo "2021"]
[BlackElo "2402"]
[PlyCount "62"]
[EventDate "2004.09.04"]
[EventType "team-tourn"]
[EventRounds "9"]
[EventCountry "POL"]
[SourceTitle "EXT 2007"]
[Source "ChessBase"]
[SourceDate "2006.11.23"]
[SourceVersion "1"]
[SourceVersionDate "2006.11.23"]
[SourceQuality "1"]
[WhiteTeam "Gliwice Politechnika Slaska"]
[BlackTeam "Dankowice Pasjonat"]
[WhiteTeamCountry "POL"]
[BlackTeamCountry "POL"]

1. e4 g6 2. Nc3 Bg7 3. d4 d6 4. Be3 a6 5. Nge2 Nd7 6. Qd2 h6 7. Ng3 b5 8. Be2 e6 9. f4 h5 10. f5 h4 11. Nf1 Bb7 12. fxe6 fxe6 13. Bg5 Bf6 14. Bxf6 Qxf6 15. Bf3 Qe7 16. Ne3 Nb6 17. Qd3 Qg5 18. Bg4 b4 19. Ncd1 Nf6 20. Bxe6 Bxe4 21. Qe2 h3 22. Nf2 hxg2 23. Rg1 Rxh2 24. 0-0-0 Ke7 25. Bg4 Nbd5 26. Rde1 Re8 27. Qd2 Kd8 28. Nxd5 Qxd2+ 29. Kxd2 Bxd5 30. Rxe8+ Kxe8 31. Ke3 Rh1 0-1

[Event "POL-chT 60th 1st League"]
[Site "Ustron"]
[Date "2004.09.06"]
[Round "3"]
[White "Wojciechowska, Aleksandra"]
[Black "Lysiak, Magdalena"]
[Result "1-0"]
[WhiteElo "2021"]
[BlackElo "2091"]
[PlyCount "67"]
[EventDate "2004.09.04"]
[EventType "team-tourn"]
[EventRounds "9"]
[EventCountry "POL"]
[SourceTitle "EXT 2007"]
[Source "ChessBase"]
[SourceDate "2006.11.23"]
[SourceVersion "1"]
[SourceVersionDate "2006.11.23"]
[SourceQuality "1"]
[WhiteTeam "Gliwice Politechnika Slaska"]
[BlackTeam "Poznan Lech"]
[WhiteTeamCountry "POL"]
[BlackTeamCountry "POL"]

1. e4 c5 2. Nc3 Nc6 3. g3 g6 4. Bg2 Bg7 5. d3 d6 6. Be3 e6 7. Qd2 Nge7 8. Bh6 Bxh6 9. Qxh6 Nd4 10. Qd2 Bd7 11. Nd1 b5 12. c3 Ndc6 13. Nf3 h5 14. d4 c4 15. Ne3 Na5 16. 0-0 Rb8 17. Ng5 Qb6 18. f4 b4 19. Rf2 f6 20. Nh3 bxc3 21. bxc3 Bc6 22. Re1 Qb7 23. Qc2 Rg8 24. f5 gxf5 25. d5 exd5 26. exd5 Bd7 27. Nxf5 Bxf5 28. Qxf5 Rf8 29. Rfe2 Qb6+ 30. Kh1 Rb7 31. Nf4 Kd8 32. Qxh5 Re8 33. Ne6+ Kd7 34. Ng7 1-0

[Event "POL-ch U18 Girls"]
[Site "Leba"]
[Date "2004.04.01"]
[Round "7"]
[White "Wojciechowska, Aleksandra"]
[Black "Cyfka, Karina"]
[Result "0-1"]
[WhiteElo "2032"]
[BlackElo "2260"]
[PlyCount "58"]
[EventDate "2004.03.27"]
[EventType "swiss"]
[EventRounds "11"]
[EventCountry "POL"]
[SourceTitle "EXT 2005"]
[Source "ChessBase"]
[SourceDate "2004.11.15"]
[SourceVersion "1"]
[SourceVersionDate "2004.11.15"]
[SourceQuality "1"]

1. e4 c5 2. Nc3 Nc6 3. Bb5 g6 4. Nf3 Bg7 5. 0-0 e5 6. Nd5 a6 7. Be2 Nge7 8. Nxe7 Qxe7 9. d3 0-0 10. c3 d6 11. Re1 Kh8 12. Nd2 f5 13. exf5 gxf5 14. f4 Qf6 15. Bf3 Bd7 16. Nc4 Rae8 17. Nb6 Qd8 18. Nd5 Be6 19. Qc2 e4 20. Bh5 Bxd5 21. Bxe8 Rxe8 22. Bd2 Re7 23. Re3 exd3 24. Qxd3 Be4 25. Qe2 d5 26. Qh5 Qe8 27. Qxe8+ Rxe8 28. h3 h5 29. Rf1 Bf6 0-1

[Event "POL-ch U18 Girls"]
[Site "Leba"]
[Date "2004.03.30"]
[Round "5"]
[White "Wojciechowska, Aleksandra"]
[Black "Hermanowicz, Dominika"]
[Result "1/2-1/2"]
[WhiteElo "2032"]
[BlackElo "2085"]
[PlyCount "78"]
[EventDate "2004.03.27"]
[EventType "swiss"]
[EventRounds "11"]
[EventCountry "POL"]
[SourceTitle "EXT 2005"]
[Source "ChessBase"]
[SourceDate "2004.11.15"]
[SourceVersion "1"]
[SourceVersionDate "2004.11.15"]
[SourceQuality "1"]

1. e4 e6 2. Nc3 d5 3. Nf3 Nf6 4. e5 Nfd7 5. d4 c5 6. dxc5 Nc6 7. Bf4 Bxc5 8. Bd3 f6 9. Qe2 fxe5 10. Bxe5 Ndxe5 11. Nxe5 Nxe5 12. Qxe5 0-0 13. 0-0 Qf6 14. Qxf6 gxf6 15. Rfe1 a6 16. Rad1 Bd7 17. Bf1 Bb4 18. Re3 Rac8 19. Ne4 Rxc2 20. Rb3 Ba5 21. Nd6 Rc6 22. Nxb7 Bc7 23. Rc3 Rxc3 24. bxc3 a5 25. Nc5 Bc8 26. c4 dxc4 27. Bxc4 Re8 28. Bb3 Kf7 29. Ne4 Ke7 30. Rc1 Be5 31. Rc5 Bb7 32. Nd2 Rc8 33. Rxc8 Bxc8 34. Nc4 Bc7 35. g3 Ba6 36. Ne3 Kd6 37. Bc2 f5 38. Kg2 Bb6 39. Kf3 Bb7+ 1/2-1/2

[Event "POL-ch U18 Girls"]
[Site "Leba"]
[Date "2004.03.28"]
[Round "2"]
[White "Krokay, Urszula"]
[Black "Wojciechowska, Aleksandra"]
[Result "1/2-1/2"]
[WhiteElo "1913"]
[BlackElo "2032"]
[PlyCount "30"]
[EventDate "2004.03.27"]
[EventType "swiss"]
[EventRounds "11"]
[EventCountry "POL"]
[SourceTitle "EXT 2005"]
[Source "ChessBase"]
[SourceDate "2004.11.15"]
[SourceVersion "1"]
[SourceVersionDate "2004.11.15"]
[SourceQuality "1"]

1. e4 c5 2. b3 e6 3. Bb2 d5 4. Bb5+ Bd7 5. Bxd7+ Nxd7 6. exd5 exd5 7. Qe2+ Qe7 8. Nc3 Ngf6 9. Nb5 Qxe2+ 10. Nxe2 Kd8 11. Ng3 a6 12. Nc3 Bd6 13. Nce2 Re8 14. 0-0 d4 15. d3 g6 1/2-1/2

[Event "POL-ch U18 Girls"]
[Site "Leba"]
[Date "2004.03.27"]
[Round "1"]
[White "Wojciechowska, Aleksandra"]
[Black "Tabola, Marta"]
[Result "1/2-1/2"]
[WhiteElo "2032"]
[BlackElo "1800"]
[PlyCount "144"]
[EventDate "2004.03.27"]
[EventType "swiss"]
[EventRounds "11"]
[EventCountry "POL"]
[SourceTitle "EXT 2005"]
[Source "ChessBase"]
[SourceDate "2004.11.15"]
[SourceVersion "1"]
[SourceVersionDate "2004.11.15"]
[SourceQuality "1"]

1. e4 c6 2. d4 d5 3. Nc3 g6 4. h3 Bg7 5. Nf3 Nf6 6. Bd3 0-0 7. 0-0 dxe4 8. Nxe4 Nbd7 9. Nxf6+ Nxf6 10. Re1 b6 11. Qe2 Re8 12. Bg5 Bb7 13. Rad1 Qc8 14. Bc4 e6 15. Ne5 Nd5 16. Ng4 Qc7 17. Bxd5 cxd5 18. Nf6+ Bxf6 19. Bxf6 Qf4 20. Be5 Qg5 21. Rd3 Ba6 22. Qe3 Qxe3 23. Rdxe3 Rac8 24. Ra3 Bb5 25. Rxa7 Rxc2 26. a4 Bc6 27. b4 Ra2 28. a5 bxa5 29. bxa5 Ra8 30. Rxa8+ Bxa8 31. Rb1 f6 32. Bxf6 Rxa5 33. Rb8+ Kf7 34. Be5 Bc6 35. Rh8 h5 36. Rh7+ Kf8 37. Bd6+ Kg8 38. Re7 Ra4 39. Be5 Kf8 40. Rxe6 Be8 41. Bd6+ Kf7 42. Re7+ Kf8 43. Bc5 Rc4 44. Re5+ Kf7 45. Rxd5 Bc6 46. Re5 Rc2 47. Re7+ Kf6 48. Rc7 Be4 49. Be7+ Kf5 50. Rxc2 Bxc2 51. d5 Ba4 52. f3 Bd7 53. Kf2 Ke5 54. d6 Kf4 55. Bf6 Kf5 56. Bc3 Kf4 57. g3+ Kf5 58. Ke3 Ke6 59. Bb4 Ke5 60. g4 hxg4 61. hxg4 g5 62. Bc3+ Ke6 63. Bg7 Kxd6 64. Bf6 Ke6 65. Bxg5 Kf7 66. Bd8 Kg6 67. Kf4 Bc6 68. Bb6 Bd5 69. Bd4 Bc6 70. Kg3 Bd7 71. f4 Bc8 72. Kf3 Bb7+ 1/2-1/2

[Event "POL-chT 2nd League"]
[Site "Wysowa"]
[Date "2003.09.07"]
[Round "3"]
[White "Wojciechowska, Aleksandra"]
[Black "Sosnowska, Elzbieta"]
[Result "1-0"]
[WhiteElo "1984"]
[BlackElo "2066"]
[PlyCount "65"]
[EventDate "2003.09.06"]
[EventType "team-swiss"]
[EventRounds "11"]
[EventCountry "POL"]
[SourceTitle "CBM 096 Extra"]
[Source "ChessBase"]
[SourceDate "2003.10.22"]
[SourceVersion "2"]
[SourceVersionDate "2003.10.20"]
[SourceQuality "1"]
[WhiteTeam "Gliwice Politechnika Slaska"]
[BlackTeam "Pultusk Nadnarwianka"]
[WhiteTeamCountry "POL"]
[BlackTeamCountry "POL"]

1. e4 e5 2. Nf3 Nc6 3. d4 exd4 4. Nxd4 Bc5 5. Be3 Qf6 6. c3 Nge7 7. g3 d6 8. Bg2 0-0 9. 0-0 Ne5 10. Nd2 Bg4 11. f3 Be6 12. Nc2 Qh6 13. Qe2 Bb6 14. Bxb6 axb6 15. Ne3 f5 16. f4 Ng4 17. Nxg4 fxg4 18. Nc4 Nc6 19. Ne3 Bxa2 20. Rxa2 Rxa2 21. Qc4+ Kh8 22. Qxa2 Qg6 23. Qd5 h5 24. Nf5 Qe8 25. Nd4 Ne7 26. Qg5 Rf6 27. f5 Nc6 28. Ne6 Qf7 29. Ra1 Ne7 30. Ra8+ Ng8 31. Rf8 Qe7 32. Qxh5+ Rh6 33. Qf7 1-0

[Event "POL-ch U18 Girls"]
[Site "Krynica"]
[Date "2003.??.??"]
[Round "7"]
[White "Wojciechowska, Aleksandra"]
[Black "Szymanowska, Lena"]
[Result "1-0"]
[WhiteElo "1995"]
[BlackElo "1800"]
[PlyCount "65"]
[EventDate "2003.??.??"]
[EventType "swiss"]
[EventRounds "11"]
[EventCountry "POL"]
[SourceTitle "EXT 2007"]
[Source "ChessBase"]
[SourceDate "2006.11.23"]
[SourceVersion "1"]
[SourceVersionDate "2006.11.23"]
[SourceQuality "1"]

1. e4 e6 2. Nc3 d5 3. Nf3 Nf6 4. e5 Nfd7 5. d4 c5 6. dxc5 Bxc5 7. Bd3 Nc6 8. Bf4 a6 9. 0-0 Qc7 10. Re1 Qb6 11. Qe2 Nd4 12. Nxd4 Bxd4 13. Nd1 Nc5 14. c3 Nxd3 15. Qxd3 Bc5 16. Qg3 g6 17. Bh6 Bf8 18. Bxf8 Kxf8 19. Qf4 Qd8 20. Ne3 Kg7 21. Rad1 b5 22. b3 Bb7 23. c4 g5 24. Qg4 h5 25. Qe2 Qc7 26. cxd5 Qxe5 27. dxe6 Qxe6 28. Qb2+ Qf6 29. Nf5+ Kg6 30. Rd6 Qxd6 31. Nxd6 Bd5 32. Qc2+ Kg7 33. Qf5 1-0

[Event "POL-ch U18 Girls"]
[Site "Krynica"]
[Date "2003.??.??"]
[Round "9"]
[White "Wojciechowska, Aleksandra"]
[Black "Truszkiewicz, Eliza"]
[Result "0-1"]
[WhiteElo "1995"]
[BlackElo "2000"]
[PlyCount "100"]
[EventDate "2003.??.??"]
[EventType "swiss"]
[EventRounds "11"]
[EventCountry "POL"]
[SourceTitle "EXT 2007"]
[Source "ChessBase"]
[SourceDate "2006.11.23"]
[SourceVersion "1"]
[SourceVersionDate "2006.11.23"]
[SourceQuality "1"]

1. e4 e5 2. Nf3 Nc6 3. d4 exd4 4. Nxd4 Bc5 5. Nb3 Bb6 6. a4 a6 7. Nc3 Nge7 8. Qf3 d6 9. Be3 Ne5 10. Qg3 Bxe3 11. Qxe3 Bd7 12. Be2 Bc6 13. f4 N5g6 14. 0-0-0 Qd7 15. Nc5 Qc8 16. Nd3 b6 17. f5 Nf8 18. Qg5 Rg8 19. Nb4 f6 20. Qh4 Qb7 21. Bc4 Rh8 22. Nbd5 Bxd5 23. Nxd5 Nxd5 24. Bxd5 c6 25. Qh5+ g6 26. fxg6 Nxg6 27. Be6 Qe7 28. Bf5 Kf7 29. Rd2 Rad8 30. Rhd1 Kg7 31. Qg4 Kf7 32. Bxg6+ hxg6 33. Qg3 Qxe4 34. Rxd6 Rxd6 35. Qxd6 Re8 36. Qd4 Qxd4 37. Rxd4 Re2 38. Rd6 Rxg2 39. Rxc6 Rxh2 40. Rxb6 g5 41. Rd6 g4 42. b4 g3 43. Rd7+ Ke6 44. Rg7 g2 45. Kb2 f5 46. b5 axb5 47. axb5 f4 48. b6 f3 49. Rg8 Rh7 50. c4 f2 0-1

[Event "POL-chT U19 33rd"]
[Site "Laczna"]
[Date "2002.07.22"]
[Round "10"]
[White "Wojciechowska, Aleksandra"]
[Black "Kos, Pawel"]
[Result "0-1"]
[WhiteElo "2034"]
[BlackElo "2220"]
[PlyCount "64"]
[EventDate "2002.07.15"]
[EventType "team-tourn"]
[EventRounds "11"]
[EventCountry "POL"]
[SourceTitle "CBM 089 Extra"]
[Source "ChessBase"]
[SourceDate "2002.09.10"]
[SourceVersion "2"]
[SourceVersionDate "2002.09.10"]
[SourceQuality "1"]
[WhiteTeam "Gliwice Politechnika Slaska U19"]
[BlackTeam "Plock PTSz U19"]
[WhiteTeamCountry "POL"]
[BlackTeamCountry "POL"]

1. e4 c5 2. Nf3 Nc6 3. d4 cxd4 4. Nxd4 Nf6 5. Nc3 d6 6. Be2 e5 7. Ndb5 a6 8. Na3 b5 9. Nd5 Be6 10. Bg5 Be7 11. Bxf6 gxf6 12. c3 f5 13. f3 f4 14. g3 h5 15. Qd2 Bg5 16. gxf4 Bh4+ 17. Kd1 exf4 18. Rg1 Bxd5 19. Qxd5 Rc8 20. c4 b4 21. Nc2 Bf6 22. Rb1 Ke7 23. Nxb4 Nxb4 24. Qb7+ Qc7 25. Qxb4 Rb8 26. Qd2 a5 27. b3 Qc5 28. Rg2 Rhg8 29. Bf1 Bd4 30. Rxg8 Rxg8 31. Bh3 Bc3 32. Qxf4 Qf2 0-1

[Event "POL-chT U19 33rd"]
[Site "Laczna"]
[Date "2002.07.20"]
[Round "7"]
[White "Wojciechowska, Aleksandra"]
[Black "Szymanska, Maria"]
[Result "1/2-1/2"]
[WhiteElo "2034"]
[BlackElo "2094"]
[PlyCount "55"]
[EventDate "2002.07.15"]
[EventType "team-tourn"]
[EventRounds "11"]
[EventCountry "POL"]
[SourceTitle "CBM 089 Extra"]
[Source "ChessBase"]
[SourceDate "2002.09.10"]
[SourceVersion "2"]
[SourceVersionDate "2002.09.10"]
[SourceQuality "1"]
[WhiteTeam "Gliwice Politechnika Slaska U19"]
[BlackTeam "Suwalki Hancza U19"]
[WhiteTeamCountry "POL"]
[BlackTeamCountry "POL"]

1. e4 c6 2. d4 d5 3. Nc3 dxe4 4. Nxe4 Nd7 5. Nf3 Ngf6 6. Ng3 e6 7. Bc4 Bd6 8. 0-0 0-0 9. Re1 Qc7 10. Bb3 c5 11. c3 b5 12. a4 b4 13. dxc5 Bxc5 14. Bd2 bxc3 15. Bxc3 Qb6 16. Nd4 a5 17. Re2 Ba6 18. Rd2 Bb7 19. Bc4 Nd5 20. Bxd5 Bxd5 21. Nb5 Be7 22. Nf5 Bf6 23. Ne3 Bxc3 24. Nxd5 exd5 25. Nxc3 Nf6 26. Nxd5 Nxd5 27. Rxd5 Qxb2 28. Rb1 1/2-1/2

[Event "POL-ch U16 Girls"]
[Site "Bartkowa"]
[Date "2002.??.??"]
[Round "?"]
[White "Tekielak, Izabella"]
[Black "Wojciechowska, Aleksandra"]
[Result "1/2-1/2"]
[WhiteElo "2077"]
[BlackElo "2006"]
[PlyCount "83"]
[EventDate "2002.01.??"]
[EventType "swiss"]
[EventRounds "9"]
[EventCountry "POL"]
[SourceTitle "EXT 2005"]
[Source "ChessBase"]
[SourceDate "2004.11.15"]
[SourceVersion "1"]
[SourceVersionDate "2004.11.15"]
[SourceQuality "1"]

1. e4 g6 2. d4 Bg7 3. Nc3 c6 4. f4 d5 5. e5 Nh6 6. Be3 f6 7. Nf3 Qb6 8. Na4 Qa5+ 9. c3 Bg4 10. Be2 Nd7 11. b4 Qc7 12. h3 Bxf3 13. Bxf3 fxe5 14. fxe5 e6 15. g4 0-0 16. 0-0 b6 17. Qd2 Nf7 18. Nb2 Rac8 19. Rac1 c5 20. Nd3 Qb8 21. Nf4 cxd4 22. cxd4 Rxc1 23. Rxc1 Nfxe5 24. dxe5 Bxe5 25. Bxd5 exd5 26. Qxd5+ Rf7 27. Ne2 Nf6 28. Qe6 Qd6 29. Rc8+ Kg7 30. Qxd6 Bxd6 31. Bd4 h6 32. a3 Rc7 33. Rxc7+ Bxc7 34. Nc3 Bd8 35. Nb5 a6 36. Nc3 Kf7 37. Kg2 Ke6 38. Kf3 Nd5 39. Ke4 Nxc3+ 40. Bxc3 b5 41. Bd2 h5 42. Kd4 1/2-1/2

[Event "POL-ch U16 Girls"]
[Site "Bartkowa"]
[Date "2002.??.??"]
[Round "?"]
[White "Wojciechowska, Aleksandra"]
[Black "Rychlik, Hanna"]
[Result "1-0"]
[WhiteElo "2006"]
[BlackElo "2048"]
[PlyCount "73"]
[EventDate "2002.01.??"]
[EventType "swiss"]
[EventRounds "9"]
[EventCountry "POL"]
[SourceTitle "EXT 2005"]
[Source "ChessBase"]
[SourceDate "2004.11.15"]
[SourceVersion "1"]
[SourceVersionDate "2004.11.15"]
[SourceQuality "1"]

1. e4 c5 2. Nc3 d6 3. g3 Nc6 4. Bg2 g6 5. d3 Bg7 6. Nge2 e6 7. Be3 Nd4 8. Qd2 Qa5 9. Nc1 Ne7 10. 0-0 0-0 11. f4 Nec6 12. Qf2 Qc7 13. a3 Rb8 14. Nd1 Ne7 15. c3 Ndc6 16. Ne2 f5 17. Rb1 b6 18. b4 fxe4 19. dxe4 cxb4 20. axb4 d5 21. Nd4 Nxd4 22. Bxd4 e5 23. Be3 dxe4 24. Bxe4 Qc4 25. Qg2 Ba6 26. Re1 Rbd8 27. fxe5 Bxe5 28. Bg5 Bf6 29. Bxf6 Rxf6 30. Ne3 Qxc3 31. Qa2+ Kh8 32. Qxa6 Rdf8 33. Qd3 Qc8 34. Rbc1 Qh3 35. Bg2 Qh5 36. Qd4 Kg8 37. Ng4 1-0

[Event "POL-ch U16 Girls"]
[Site "Bartkowa"]
[Date "2002.??.??"]
[Round "?"]
[White "Wojciechowska, Aleksandra"]
[Black "Staszewska, Anna"]
[Result "1/2-1/2"]
[WhiteElo "2006"]
[BlackElo "2006"]
[PlyCount "56"]
[EventDate "2002.01.??"]
[EventType "swiss"]
[EventRounds "9"]
[EventCountry "POL"]
[SourceTitle "EXT 2005"]
[Source "ChessBase"]
[SourceDate "2004.11.15"]
[SourceVersion "1"]
[SourceVersionDate "2004.11.15"]
[SourceQuality "1"]

1. d4 d5 2. Nc3 Nf6 3. Bg5 Bf5 4. e3 e6 5. Nge2 Be7 6. Ng3 Bg6 7. Bd3 Nbd7 8. Bxg6 hxg6 9. Qd3 c6 10. Bxf6 Nxf6 11. e4 dxe4 12. Ngxe4 Nxe4 13. Nxe4 Qc7 14. h3 0-0-0 15. 0-0-0 f5 16. Nc3 Qf4+ 17. Qe3 Qxe3+ 18. fxe3 Bg5 19. Rhe1 e5 20. dxe5 Rde8 21. Rd6 Rxe5 22. Nd1 Bf6 23. Kd2 Kc7 24. Rd3 Rhe8 25. Ke2 Bg5 26. Kf3 b6 27. Re2 R8e7 28. Red2 a6 1/2-1/2

[Event "POL-chT2 South"]
[Site "Ustron"]
[Date "2001.09.??"]
[Round "?"]
[White "Cyfka, Karina"]
[Black "Wojciechowska, Aleksandra"]
[Result "0-1"]
[WhiteElo "2106"]
[BlackElo "2033"]
[PlyCount "104"]
[EventDate "2001.09.14"]
[EventType "team-swiss"]
[EventRounds "10"]
[EventCountry "POL"]
[SourceTitle "EXT 2019"]
[Source "ChessBase"]
[SourceDate "2018.10.10"]
[SourceVersion "1"]
[SourceVersionDate "2018.10.10"]
[SourceQuality "1"]

1. e4 g6 2. d4 Bg7 3. c3 c6 4. Bd3 d5 5. f3 Nd7 6. e5 f6 7. f4 Nb6 8. Nf3 Nh6 9. Nh4 fxe5 10. Nxg6 hxg6 11. Bxg6+ Kd7 12. dxe5 Kc7 13. g3 Bd7 14. a4 e6 15. Qd4 Be8 16. Bd3 Qe7 17. b3 Bh5 18. Ba3 Qf7 19. Bd6+ Kd7 20. Qb4 Ke8 21. a5 Nc8 22. Bc5 Bf8 23. Nd2 Bxc5 24. Qxc5 Qf8 25. Qxf8+ Rxf8 26. b4 Ne7 27. Nb3 Kf7 28. Kd2 Neg8 29. Nc5 b6 30. axb6 axb6 31. Nd7 Rfe8 32. Nxb6 Rxa1 33. Rxa1 Ng4 34. h3 Nf2 35. g4 Bg6 36. Bxg6+ Kxg6 37. f5+ Kg5 38. f6 Nh6 39. Ke3 Nxh3 40. Ra7 Nxg4+ 41. Kd4 Kf5 42. Nd7 Ng5 43. f7 c5+ 44. Kxc5 Nxf7 45. Kd4 Nfxe5 46. Nxe5 Nxe5 47. b5 Rc8 48. Ra4 Rc4+ 49. Rxc4 Nxc4 50. Kc5 Ke4 51. Kc6 Kd3 52. Kd7 Kxc3 0-1

[Event "POL-chT2 South"]
[Site "Ustron"]
[Date "2001.09.??"]
[Round "?"]
[White "Gazik, Renata"]
[Black "Wojciechowska, Aleksandra"]
[Result "1/2-1/2"]
[WhiteElo "2160"]
[BlackElo "2033"]
[PlyCount "63"]
[EventDate "2001.09.14"]
[EventType "team-swiss"]
[EventRounds "10"]
[EventCountry "POL"]
[SourceTitle "EXT 2019"]
[Source "ChessBase"]
[SourceDate "2018.10.10"]
[SourceVersion "1"]
[SourceVersionDate "2018.10.10"]
[SourceQuality "1"]

1. d4 d5 2. c4 e6 3. Nc3 Nf6 4. Bg5 Be7 5. e3 h6 6. Bxf6 Bxf6 7. Nf3 0-0 8. Qd2 b6 9. cxd5 exd5 10. Bd3 Bb7 11. b4 c5 12. bxc5 bxc5 13. Rb1 Bc6 14. dxc5 Qa5 15. Ne4 Qxd2+ 16. Nexd2 Nd7 17. Rc1 Rab8 18. Nb3 Rfc8 19. 0-0 Ba4 20. Bf5 Rc7 21. c6 Nb6 22. Nfd4 Bxd4 23. Nxd4 Nc4 24. Rb1 Rb6 25. Rfc1 Bxc6 26. e4 Ba8 27. Rxb6 axb6 28. exd5 Bxd5 29. h4 g6 30. Bd3 Rc8 31. a3 Nd6 32. Rxc8+ 1/2-1/2

[Event "POL-chT2 South"]
[Site "Ustron"]
[Date "2001.09.??"]
[Round "?"]
[White "Wojciechowska, Aleksandra"]
[Black "Smolak, Ewa"]
[Result "1/2-1/2"]
[WhiteElo "2033"]
[BlackElo "2038"]
[PlyCount "84"]
[EventDate "2001.09.14"]
[EventType "team-swiss"]
[EventRounds "10"]
[EventCountry "POL"]
[SourceTitle "EXT 2019"]
[Source "ChessBase"]
[SourceDate "2018.10.10"]
[SourceVersion "1"]
[SourceVersionDate "2018.10.10"]
[SourceQuality "1"]

1. e4 e5 2. Nf3 Nc6 3. Nc3 Nf6 4. d4 exd4 5. Nxd4 d6 6. Be2 g6 7. 0-0 Bg7 8. Be3 0-0 9. Nxc6 bxc6 10. f4 Qe7 11. Bf3 Bb7 12. Bf2 Nd7 13. Re1 Qf6 14. g3 Rfe8 15. Bg2 Nf8 16. Qd2 Ne6 17. Ne2 Red8 18. Rad1 Qe7 19. c3 c5 20. Nc1 Rab8 21. Nd3 Ba6 22. Qc2 Bb7 23. Rd2 Bh6 24. Rde2 Bg7 25. f5 Nf8 26. e5 Qd7 27. exd6 cxd6 28. Re7 Qc8 29. fxg6 Nxg6 30. Bxb7 Rxb7 31. R7e2 Bh6 32. Qa4 Qf5 33. Qe4 Qxe4 34. Rxe4 Kf8 35. R4e2 a5 36. b3 Rc8 37. h4 Ne7 38. g4 Ke8 39. Bg3 Rd8 40. Bf4 Bg7 41. Bg5 Rdd7 42. c4 Bd4+ 1/2-1/2

[Event "POL-chT2 South"]
[Site "Ustron"]
[Date "2001.09.??"]
[Round "?"]
[White "Wojciechowska, Aleksandra"]
[Black "Zimny, Joanna"]
[Result "1/2-1/2"]
[WhiteElo "2033"]
[BlackElo "2087"]
[PlyCount "62"]
[EventDate "2001.09.14"]
[EventType "team-swiss"]
[EventRounds "10"]
[EventCountry "POL"]
[SourceTitle "EXT 2019"]
[Source "ChessBase"]
[SourceDate "2018.10.10"]
[SourceVersion "1"]
[SourceVersionDate "2018.10.10"]
[SourceQuality "1"]

1. e4 e5 2. Nf3 Nc6 3. Nc3 g6 4. d4 exd4 5. Nxd4 Bg7 6. Be3 Nge7 7. Be2 0-0 8. 0-0 d5 9. exd5 Nxd5 10. Nxd5 Qxd5 11. Bf3 Qc4 12. Nxc6 bxc6 13. c3 Be6 14. Be2 Qh4 15. g3 Qh3 16. Bf3 Rfd8 17. Qa4 Bd5 18. Bxd5 cxd5 19. Rfd1 Qe6 20. Bd4 c6 21. Bxg7 Kxg7 22. Re1 Qd7 23. Qd4+ Kg8 24. Re2 Re8 25. Rae1 Rxe2 26. Rxe2 Qd6 27. b4 a5 28. a3 axb4 29. axb4 Ra1+ 30. Kg2 Ra8 31. Re1 f6 1/2-1/2

[Event "POL-ch U16 Girls"]
[Site "Zakopane"]
[Date "2001.01.20"]
[Round "5"]
[White "Wojciechowska, Aleksandra"]
[Black "Zawadzka, Beata"]
[Result "1/2-1/2"]
[WhiteElo "2021"]
[BlackElo "2169"]
[PlyCount "80"]
[EventDate "2001.01.16"]
[EventType "swiss"]
[EventRounds "11"]
[EventCountry "POL"]
[SourceTitle "EXT 2002"]
[Source "ChessBase"]
[SourceDate "2001.11.25"]
[SourceVersion "1"]
[SourceVersionDate "2001.11.25"]
[SourceQuality "1"]

1. e4 c5 2. Nc3 Nc6 3. g3 g6 4. Bg2 Bg7 5. d3 d6 6. Be3 e6 7. Qd2 Rb8 8. Nge2 Nd4 9. Nc1 b5 10. Nd1 b4 11. c3 bxc3 12. bxc3 Nc6 13. 0-0 Nge7 14. Bh6 0-0 15. Bxg7 Kxg7 16. d4 cxd4 17. cxd4 Ba6 18. Re1 Qb6 19. d5 exd5 20. exd5 Ne5 21. Ne3 Rfc8 22. Nb3 Nd3 23. Red1 Qb4 24. Qxb4 Nxb4 25. Nd4 Rc5 26. Nc6 Nbxc6 27. dxc6 Nc8 28. Rac1 Rxc1 29. Rxc1 Rb2 30. Rc2 Rb1+ 31. Bf1 Kf6 32. Kg2 Bxf1+ 33. Nxf1 d5 34. Nd2 Rb6 35. Nb3 Ke7 36. c7 Kd6 37. Nd4 Rb4 38. Nb3 Rc4 39. Rxc4 dxc4 40. Nd2 Kc5 1/2-1/2